History, Ethics, and Emergent Probablity : Ethics, Society and History in the Work of Bernard Lonergan /

Na minha lista:
Detalhes bibliográficos
Autor principal: Melchin, Kenneth R. (autor)
Formato: Livro
Idioma:inglês
Publicado em: Canadá : Lonergan Web Site, 1999, c1999
Edição:2a edición
Assuntos:
Tags: Adicionar Tag
Sem tags, seja o primeiro a adicionar uma tag!

MARC

LEADER 00000nam^a2200000^a^4500
001 000395603
005 20250521000000.0
009 20260310121406.824
020 |a 0-9684922-0-7 
037 |a Acervo Xavier Clavigero 
041 |a ING 
082 |a 121.  |b LON EST MEL 
100 |a Melchin, Kenneth R.  |e (autor) 
245 1 0 |a History, Ethics, and Emergent Probablity :  |b Ethics, Society and History in the Work of Bernard Lonergan /  |c K.R. Melchin. 
250 |a 2a edición 
264 4 |a Canadá :  |b Lonergan Web Site,  |c 1999, c1999 
300 |a XIV, 281 p. 
336 |a texto  |b txt  |2 rdacontenido 
337 |a sin mediación  |b n  |2 rdamedio 
338 |a volumen  |b nc  |2 rdasoporte 
545 0 |a Bernard Lonergan (1904-1984), jesuita canadiense y doctor en teología, profesor de ésta disciplina por más de treinta y cinco años, su pensamiento trata dos cuestiones fundamentales: el desarrollo de una teoría del conocimiento donde la autoapropiación del sujeto es una categoría clave, y la construcción de un método para una teología contemporánea. Desde estos aportes aborda ulteriores campos relacionados con el dinamismo transformador de la acción humana en el ámbito de la moral, lo social, la dialéctica de la historia, la autotrascendencia y la religión. Entre sus obras se encuentran La inteligencia: estudio sobre la comprensión de la experiencia, El método en teología, Gracia y libertad, El sujeto, y otras. 
649 |a XX 
650 |a Libertad 
650 |a Historia -  |x Filosofía 
650 |a Etica Social 
650 |a Probabilidad 
650 |a Etica y Religión -  |x Tema Principal 
650 |a Probabilidad 
650 |a Teología 
650 |a Filosofía 
650 |a Religión 
910 |a Fondo Jesús Vergara Aceves S.J. 
920 |a Impresos - Libros 
930 |a Fondos Especiales 
905 |a 119 
901 |a 0500290869  |b IT2  |c ESP  |i FXC D3025  |u 20250521 
902 |a https://opac.biblio.iteso.mx/vufind/Record/000395603